Perasmian pesta sukan JPPH 2001 di Pavillion Inspen pada 18 Mac 2001 [

Bibliographic Details
Format: Book
Published: Bangi : INSPEN , 2001
Subjects:

MARC

LEADER 00000cam a2200000 7i4500
001 0000019643
005 20070626.0
040 |a INS 
090 0 0 |a GV583 2001 
245 0 0 |a Perasmian pesta sukan JPPH 2001 di Pavillion Inspen pada 18 Mac 2001 [  |h cakera video] 
260 |a Bangi :   |b INSPEN ,   |c 2001 
300 |a 1 cakera video ( 53 min.) :   |b sd., col. ;   |c 3/4 in. 
500 |a Juga terdapat dalam bentuk pita kaset VHS0895 
650 0 0 |a Sports toumaments 
999 |a VCD0000867   |b VIDEO CD   |c Media Collection   |e Default branch